000 00427cam a2200193 4500
001 D1125
008 090401t1982 xxu||||| |||| 00| 0 eng d
035 _a(Sirsi) u62600
041 _aeng
050 _a692.5
100 _aAtton, W.
245 _aEstimating applied to building
250 _a5th
260 _aLondon
_bGeorge Godwin
_c1982
300 _a297p. 22cm
350 _a10
942 _n0
948 _c04/03/1997
999 _c94452
_d94452